Marketing - praktické rady mesačník pre šéfov a pracovníkov výroby, marketingu, predaja a odbytu
Salvato in:
| Natura: | Periodico |
|---|---|
| Lingua: | slovacco |
| Pubblicazione: |
Bratislava
|
| Soggetti: | |
| Tags: |
Nessun Tag, puoi essere il primo ad aggiungerne!!
|
MARC
| LEADER | 00000nas1a22000001 4500 | ||
|---|---|---|---|
| 001 | s120056 | ||
| 005 | 20230425124642.4 | ||
| 041 | 0 | |a slo | |
| 044 | |a SK | ||
| 245 | 1 | 0 | |a Marketing - praktické rady |b mesačník pre šéfov a pracovníkov výroby, marketingu, predaja a odbytu |
| 264 | 1 | |a Bratislava | |
| 610 | 2 | 0 | |a marketing |
| 610 | 2 | 0 | |a poradenstvo |